Normal view
MARC view
Entry Topical Term
001 - CONTROL NUMBER
- control field: 32198
003 - CONTROL NUMBER IDENTIFIER
- control field: ARRUPE
005 - DATE AND TIME OF LATEST TRANSACTION
- control field: 20170605113850.0
008 - FIXED-LENGTH DATA ELEMENTS
- fixed length control field: 170605|| aca||aabn | a|a d
040 ## - CATALOGING SOURCE
- Original cataloging agency: ARRUPE
- Transcribing agency: ARRUPE
150 ## - HEADING--TOPICAL TERM
- Topical term or geographic name as entry element: Ghana
- General subdivision: History
670 ## - SOURCE DATA FOUND
- Source citation: Work cat.: (ARRUPE)49170: Amamoo, J.Godson 32197, The new Ghana, 1958